Online Catalogue and eLibrary

Ideology and the Constitution: (Record no. 4978)

MARC details
000 -LEADER
fixed length control field 00533nam a2200193Ia 4500
005 - DATE AND TIME OF LATEST TRANSACTION
control field 20250319013048.0
008 - FIXED-LENGTH DATA ELEMENTS--GENERAL INFORMATION
fixed length control field 240331s9999 xx 000 0 und d
020 ## - INTERNATIONAL STANDARD BOOK NUMBER
ISBN 9555800081
082 ## - DDC Classification
Item Number - Author Mark COO
DDC Edition Number 6578
Class No. 342
100 ## - MAIN ENTRY--PERSONAL NAME
Personal name Coomaraswamy, R
245 #0 - TITLE STATEMENT
Title Ideology and the Constitution:
Remainder of title Essays on Constitutional Jurisprudence
260 ## - PUBLICATION, DISTRIBUTION, ETC.
Place of publication, distribution, etc. Colombo,
Name of publisher, distributor, etc. International Centre for Ethnic Studies
300 ## - PHYSICAL DESCRIPTION
Extent (e.g. Volumes, Pages etc.) 178 p.,
650 ## - SUBJECT ADDED ENTRY--TOPICAL TERM
Topical term or geographic name entry element Constitution
650 ## - SUBJECT ADDED ENTRY--TOPICAL TERM
Topical term or geographic name entry element Jurisprudence
650 ## - SUBJECT ADDED ENTRY--TOPICAL TERM
Topical term or geographic name entry element Human Rights
650 ## - SUBJECT ADDED ENTRY--TOPICAL TERM
Topical term or geographic name entry element Politics
942 ## - Koha item type (Biblio)
Koha item type Books in Stacks (Lending)
Holdings
Lost status Damaged status Collection code Home library Current library Shelving location Date acquired Full call number Accession Number Item type
    Lending WERC Library WERC Library Social Science Cupboard 03/31/2024 342 COO 6578 Books in Stacks (Lending)

© WERC Library